000 01231cad a22002535a 4500
001 L150985
008 100917e20100326xxkd f s 000 0 eng d
035 _a(Sirsi) u150985
041 0 _aeng
050 0 4 _a333.33 $2 18
110 2 _aRoyal Institution of Chartered Surveyors
_bEconomics
_95033
245 0 0 _aRICS global real estate weekly
_b17 September 2010
_h[electronic resource]
260 _aLondon
_bRICS
_c2010
490 0 _aRICS Global Real Estate Weekly
_v17September 2010
520 _aFrench builders anticipate stronger H2 2010 but downside risks mount for 2011. Mixed recovery evident in Singapore commercial property sector. Upturn in Cyprus economy not strong enough yet to underpin the property market. UK mortgage market stable but could show improvement.
590 _aKA
650 2 4 _aRICS GLOBAL REAL ESTATE WEEKLY
651 4 _aInternational
690 _aBUILT ENVIRONMENT-CONSTRUCTION MARKET
690 _aPROPERTY-RESIDENTIAL PROPERTY-RESIDENTIAL PROPERTY MARKET
690 _aPROPERTY-COMMERCIAL PROPERTY-COMMERCIAL PROPERTY MARKET
856 4 0 _uhttps://www.rics.org/site/download_feed.aspx?fileID=7473&fileExtension=PDF
_zView the report free of charge (PDF file) at www.rics.org
942 _n0
999 _c111084
_d111084